Countries that border the Caspian Sea - Statistics

General Stats
  • This quiz has been taken 29 times
  • The average score is 5 of 5
Answer Stats
Answer % Correct
Russia
100%
Iran
96%
Azerbaijan
92%
Kazakhstan
92%
Turkmenistan
92%
No matching quizzes found
Score Distribution
Percent of People with Each Score
Percentile by Number Answered
Your Score History
You have not taken this quiz